| 000 | 00787nam a2200253 i 4500 | ||
|---|---|---|---|
| 001 | bg | ||
| 100 | 1 | _aJelińska, Urszula. | |
| 245 | 0 | 0 |
_aUkłady zbiorowe pracy po nowelizacji / _cUrszula Jelińska. |
| 260 |
_aWarszawa : _bWydawnictwo "Biblioteczka Pracownicza", _c2001. |
||
| 300 |
_a127, [1] s. ; _c21 cm. |
||
| 490 | 1 |
_aBiblioteczka Pracownicza ; _vporadnik 117 |
|
| 650 | 9 |
_aUmowy zbiorowe _xprawo _zPolska _ystan na 2000 r. |
|
| 650 | 9 |
_aZwiązki zawodowe _xprawo _xzagadnienia _zPolska _ystan na 2000 r. |
|
| 830 | 0 |
_aBiblioteczka Pracownicza ; _vporadnik 117 |
|
| 020 | _a8388616064 | ||
| 040 | _cBPK | ||
| 041 | 0 | _apol | |
| 044 | _aPOL | ||
| 080 | _a349.22 | ||
| 080 | _a331.106 | ||
| 920 | _a83-88616-06-4 | ||
| 942 | _cKS | ||
| 008 | 130116s pl a f |000 0 pol | ||
| 999 |
_c53824 _d53824 |
||
| 856 |
_uhttp://koha.tu.koszalin.pl/cgi-bin/koha/opac-detail.pl?biblionumber=53824 _yKatalog online BPK |
||